000 00494nam a2200145Ia 4500
008 100204s9999 xx 000 0 und d
082 _b11749
100 _aपुरंदरे ब. मो.
245 _aराजा शिवछत्रपती
260 _b"पुरंदरं पंकाशन , पुणे"
_c1988
300 _a792
630 _aराजा शिवछत्रपती
730 _aराजा शिवछत्रपती
942 _cBOOK
999 _c456161
_d456158